[Event "DEM U10 2025"]
[Site "Willingen GER"]
[Date "2025.06.11"]
[Round "5"]
[White "Rössling, Johannes"]
[Black "Schimming, Wilhelm"]
[Result "1/2-1/2"]
[Termination "normal"]
[Board "28"]
[WhiteElo "1637"]
[BlackElo "1639"]
[WhiteClock "00:01:43"]
[BlackClock "00:13:59"]
[PlyCount "88"]
[WhiteFideId "34642773"]
[BlackFideId "34662030"]
[EventCountry "GER"]
[EventRounds "9"]
[EventType "swiss"]
[EventDate "2025.06.07"]

1. e4 {[%clk 01:30:59]} c5 {[%clk 01:30:50]} {[%emt 00:00:10]} 2. Nf3 {[%clk
01:31:18]} {[%emt 00:00:11]} a6 {[%clk 01:31:12]} {[%emt 00:00:08]} 3. Nc3
{[%clk 01:31:34]} {[%emt 00:00:13]} b5 {[%clk 01:31:03]} {[%emt 00:00:39]} 4.
a3 {[%clk 01:30:24]} {[%emt 00:01:40]} Bb7 {[%clk 01:29:54]} {[%emt 00:01:40]}
5. d3 {[%clk 01:21:26]} {[%emt 00:09:27]} d5 {[%clk 01:21:00]} {[%emt
00:09:23]} 6. exd5 {[%clk 01:13:34]} {[%emt 00:08:22]} Nf6 {[%clk 01:20:51]}
{[%emt 00:00:39]} 7. Be2 {[%clk 01:10:43]} {[%emt 00:03:21]} g6 {[%clk
01:19:25]} {[%emt 00:01:55]} 8. O-O {[%clk 01:07:22]} {[%emt 00:03:51]} Bg7
{[%clk 01:19:13]} {[%emt 00:00:42]} 9. Be3 {[%clk 00:59:07]} {[%emt 00:08:46]}
Qc7 {[%clk 01:16:35]} {[%emt 00:03:08]} 10. d4 {[%clk 00:53:33]} {[%emt
00:06:04]} c4 {[%clk 01:12:28]} {[%emt 00:04:38]} 11. Qd2 {[%clk 00:49:25]}
{[%emt 00:04:37]} Nxd5 {[%clk 01:12:34]} {[%emt 00:00:24]} 12. Nxd5 {[%clk
00:49:31]} {[%emt 00:00:24]} Bxd5 {[%clk 01:11:10]} {[%emt 00:01:54]} 13. Bf4
{[%clk 00:49:27]} {[%emt 00:00:34]} Qb6 {[%clk 01:05:43]} {[%emt 00:05:54]} 14.
Rad1 {[%clk 00:39:46]} {[%emt 00:10:15]} O-O {[%clk 01:04:08]} {[%emt
00:02:05]} 15. Bh6 {[%clk 00:35:38]} {[%emt 00:04:38]} Nc6 {[%clk 00:51:15]}
{[%emt 00:13:22]} 16. Bxg7 {[%clk 00:27:51]} {[%emt 00:08:17]} Kxg7 {[%clk
00:51:42]} {[%emt 00:00:03]} 17. Ne5 {[%clk 00:27:51]} {[%emt 00:00:30]} Rfd8
{[%clk 00:45:16]} {[%emt 00:06:54]} 18. Ng4 {[%clk 00:25:38]} {[%emt 00:02:47]}
f5 {[%clk 00:43:08]} {[%emt 00:02:39]} 19. Qh6+ {[%clk 00:24:47]} {[%emt
00:01:20]} Kg8 {[%clk 00:43:33]} {[%emt 00:00:05]} 20. Ne5 {[%clk 00:22:16]}
{[%emt 00:03:01]} Nxd4 {[%clk 00:36:59]} {[%emt 00:07:03]} 21. Rd2 {[%clk
00:19:45]} {[%emt 00:03:01]} Nxe2+ {[%clk 00:34:51]} {[%emt 00:02:39]} 22. Rxe2
{[%clk 00:18:39]} {[%emt 00:01:36]} Qf6 {[%clk 00:34:13]} {[%emt 00:01:07]} 23.
Rfe1 {[%clk 00:12:08]} {[%emt 00:07:02]} Re8 {[%clk 00:30:34]} {[%emt
00:04:08]} 24. h3 {[%clk 00:07:01]} {[%emt 00:05:38]} Qg7 {[%emt 00:13:38]} 25.
Qxg7+ {[%clk 00:06:31]} {[%emt 00:00:56]} Kxg7 {[%clk 00:17:59]} 26. f4 {[%clk
00:05:06]} {[%emt 00:01:56]} Rad8 {[%clk 00:17:55]} {[%emt 00:00:33]} 27. Rd2
{[%clk 00:03:15]} {[%emt 00:02:22]} Be4 {[%clk 00:18:09]} {[%emt 00:00:16]} 28.
Red1 {[%clk 00:02:56]} {[%emt 00:00:49]} Rxd2 {[%clk 00:17:33]} {[%emt
00:01:06]} 29. Rxd2 {[%clk 00:03:23]} {[%emt 00:00:03]} Rc8 {[%clk 00:15:34]}
{[%emt 00:02:28]} 30. c3 {[%clk 00:03:16]} {[%emt 00:00:38]} Rc7 {[%clk
00:15:59]} {[%emt 00:00:06]} 31. Rd4 {[%clk 00:02:23]} {[%emt 00:01:22]} Kf6
{[%clk 00:16:12]} {[%emt 00:00:16]} 32. Rd7 {[%clk 00:02:18]} {[%emt 00:00:35]}
Rxd7 {[%clk 00:15:16]} {[%emt 00:01:26]} 33. Nxd7+ {[%clk 00:02:46]} {[%emt
00:00:03]} Ke6 {[%clk 00:15:02]} {[%emt 00:00:44]} 34. Nc5+ {[%clk 00:03:09]}
{[%emt 00:00:06]} Kd5 {[%clk 00:15:27]} {[%emt 00:00:05]} 35. Nxa6 {[%clk
00:03:15]} {[%emt 00:00:24]} Kd6 {[%clk 00:14:54]} {[%emt 00:01:03]} 36. g3
{[%clk 00:02:52]} {[%emt 00:00:54]} Bb7 {[%clk 00:14:51]} {[%emt 00:00:33]} 37.
Nb4 {[%clk 00:03:15]} {[%emt 00:00:07]} Kc5 {[%clk 00:15:08]} {[%emt 00:00:13]}
38. Kf2 {[%clk 00:03:33]} {[%emt 00:00:12]} Be4 {[%clk 00:15:20]} {[%emt
00:00:17]} 39. h4 {[%clk 00:03:36]} {[%emt 00:00:27]} Kb6 {[%clk 00:15:04]}
{[%emt 00:00:46]} 40. Ke2 {[%clk 00:03:29]} {[%emt 00:00:37]} Kc5 {[%clk
00:15:02]} {[%emt 00:00:32]} 41. Ke3 {[%clk 00:03:11]} {[%emt 00:00:48]} Bb1
{[%clk 00:14:38]} {[%emt 00:00:54]} 42. Kd2 {[%clk 00:02:34]} {[%emt 00:01:06]}
Be4 {[%clk 00:15:01]} {[%emt 00:00:08]} 43. Nc2 {[%clk 00:02:08]} {[%emt
00:00:57]} Bd5 {[%clk 00:13:53]} {[%emt 00:01:37]} 44. Ne3 {[%clk 00:01:43]}
{[%emt 00:00:54]} Be4 {[%clk 00:13:59]} {[%emt 00:00:23]} 1/2-1/2

[Event "DEM U10 2025"]
[Site "Willingen GER"]
[Date "2025.06.11"]
[Round "5"]
[White "Brucker, Oscar"]
[Black "Schubert, Anton"]
[Result "1-0"]
[Termination "normal"]
[Board "29"]
[WhiteElo "1795"]
[BlackElo "1039"]
[WhiteClock "00:40:16"]
[BlackClock "00:01:38"]
[PlyCount "95"]
[WhiteFideId "533026432"]
[BlackFideId "533043523"]
[EventCountry "GER"]
[EventRounds "9"]
[EventType "swiss"]
[EventDate "2025.06.07"]

1. Nf3 {[%clk 01:30:57]} {[%emt 00:00:03]} d5 {[%clk 01:29:51]} {[%emt
00:01:10]} 2. g3 {[%clk 01:31:08]} {[%emt 00:00:19]} Nf6 {[%clk 01:29:31]}
{[%emt 00:00:49]} 3. Bg2 {[%clk 01:30:05]} {[%emt 00:01:33]} Nc6 {[%clk
01:29:17]} {[%emt 00:00:44]} 4. O-O {[%clk 01:29:54]} {[%emt 00:00:41]} Bf5
{[%clk 01:29:13]} {[%emt 00:00:34]} 5. d3 {[%clk 01:28:49]} {[%emt 00:01:36]}
e6 {[%clk 01:28:44]} {[%emt 00:00:59]} 6. Nbd2 {[%clk 01:28:00]} {[%emt
00:01:19]} Bc5 {[%clk 01:27:37]} {[%emt 00:01:35]} 7. c3 {[%clk 01:25:38]}
{[%emt 00:02:54]} O-O {[%clk 01:24:16]} {[%emt 00:03:51]} 8. Qc2 {[%clk
01:23:45]} {[%emt 00:02:23]} Re8 {[%clk 01:16:27]} {[%emt 00:08:19]} 9. e4
{[%clk 01:19:28]} {[%emt 00:04:46]} dxe4 {[%clk 01:15:15]} {[%emt 00:01:41]}
10. dxe4 {[%clk 01:19:37]} {[%emt 00:00:23]} Bg6 {[%clk 01:13:43]} {[%emt
00:02:01]} 11. Re1 {[%clk 01:15:20]} {[%emt 00:04:46]} Ng4 {[%clk 01:07:04]}
{[%emt 00:07:10]} 12. Re2 {[%clk 01:11:21]} {[%emt 00:04:29]} Qe7 {[%clk
01:04:06]} {[%emt 00:03:28]} 13. h3 {[%clk 01:06:10]} {[%emt 00:05:40]} Nf6
{[%clk 01:02:15]} {[%emt 00:02:21]} 14. a4 {[%clk 01:05:54]} {[%emt 00:00:47]}
a5 {[%clk 00:59:20]} {[%emt 00:03:25]} 15. b3 {[%clk 01:02:54]} {[%emt
00:03:29]} Rad8 {[%clk 00:58:49]} {[%emt 00:01:01]} 16. Qb2 {[%clk 01:01:59]}
{[%emt 00:01:26]} e5 {[%clk 00:50:55]} {[%emt 00:08:23]} 17. Nh4 {[%clk
00:59:52]} {[%emt 00:02:37]} Bh5 {[%clk 00:48:47]} {[%emt 00:02:37]} 18. g4
{[%clk 00:57:38]} {[%emt 00:02:46]} Bg6 {[%clk 00:47:52]} {[%emt 00:01:21]} 19.
Nxg6 {[%clk 00:57:29]} {[%emt 00:00:42]} fxg6 {[%clk 00:46:25]} {[%emt
00:01:57]} 20. Qa2 {[%clk 00:55:39]} {[%emt 00:02:21]} Qe6 {[%clk 00:43:30]}
{[%emt 00:03:24]} 21. Nf3 {[%clk 00:53:45]} {[%emt 00:02:23]} Rd1+ {[%clk
00:41:20]} {[%emt 00:02:40]} 22. Kh2 {[%clk 00:53:38]} {[%emt 00:00:37]} h6
{[%clk 00:37:20]} {[%emt 00:04:30]} 23. Re1 {[%clk 00:51:30]} {[%emt 00:02:38]}
Rxe1 {[%clk 00:37:03]} {[%emt 00:00:47]} 24. Nxe1 {[%clk 00:51:54]} {[%emt
00:00:06]} Rf8 {[%clk 00:35:05]} {[%emt 00:02:28]} 25. f3 {[%clk 00:48:23]}
{[%emt 00:04:01]} b6 {[%clk 00:33:11]} {[%emt 00:02:24]} 26. Bf1 {[%clk
00:48:10]} {[%emt 00:00:43]} Rd8 {[%clk 00:24:09]} {[%emt 00:09:34]} 27. Bc4
{[%clk 00:46:21]} {[%emt 00:02:20]} Nd5 {[%clk 00:18:40]} {[%emt 00:05:58]} 28.
exd5 {[%clk 00:46:03]} {[%emt 00:00:48]} Rxd5 {[%clk 00:16:55]} {[%emt
00:02:15]} 29. Bxd5 {[%clk 00:46:00]} {[%emt 00:00:34]} Qxd5 {[%clk 00:16:45]}
{[%emt 00:00:39]} 30. Qc2 {[%clk 00:45:29]} {[%emt 00:01:02]} Qf7 {[%clk
00:13:35]} {[%emt 00:03:37]} 31. Rb1 {[%clk 00:43:59]} {[%emt 00:02:02]} Bd6
{[%clk 00:10:00]} {[%emt 00:04:05]} 32. Kg2 {[%clk 00:42:20]} {[%emt 00:02:10]}
Kh7 {[%clk 00:09:28]} {[%emt 00:01:02]} 33. Qe4 {[%clk 00:41:51]} {[%emt
00:00:59]} Ne7 {[%clk 00:07:34]} {[%emt 00:02:22]} 34. c4 {[%clk 00:41:32]}
{[%emt 00:00:50]} c6 {[%clk 00:06:05]} {[%emt 00:02:00]} 35. Nd3 {[%clk
00:41:48]} {[%emt 00:00:14]} Qf6 {[%clk 00:05:46]} {[%emt 00:00:48]} 36. Bb2
{[%clk 00:41:51]} {[%emt 00:00:27]} Ng8 {[%clk 00:05:17]} {[%emt 00:01:00]} 37.
Bxe5 {[%clk 00:41:57]} {[%emt 00:00:23]} Bxe5 {[%clk 00:05:33]} {[%emt
00:00:14]} 38. Qxe5 {[%clk 00:42:15]} {[%emt 00:00:12]} Qf7 {[%clk 00:05:30]}
{[%emt 00:00:33]} 39. Re1 {[%clk 00:41:51]} {[%emt 00:00:53]} Kh8 {[%clk
00:05:12]} {[%emt 00:00:49]} 40. Qe6 {[%clk 00:42:07]} {[%emt 00:00:15]} Qf8
{[%clk 00:04:51]} {[%emt 00:00:50]} 41. Qxg6 {[%clk 00:41:49]} {[%emt
00:00:48]} Ne7 {[%clk 00:04:00]} {[%emt 00:01:21]} 42. Qd6 {[%clk 00:39:50]}
{[%emt 00:02:29]} Qg8 {[%clk 00:01:24]} {[%emt 00:03:06]} 43. Qxe7 {[%clk
00:39:59]} {[%emt 00:00:21]} Kh7 {[%clk 00:00:51]} {[%emt 00:01:02]} 44. Qe4+
{[%clk 00:39:52]} {[%emt 00:00:37]} g6 {[%clk 00:01:08]} {[%emt 00:00:13]} 45.
Qe7+ {[%clk 00:40:13]} {[%emt 00:00:09]} Kh8 {[%clk 00:01:27]} {[%emt
00:00:10]} 46. Qf6+ {[%clk 00:40:26]} {[%emt 00:00:18]} Kh7 {[%clk 00:01:35]}
{[%emt 00:00:20]} 47. Re7+ {[%clk 00:40:28]} {[%emt 00:00:30]} Qg7 {[%clk
00:01:38]} {[%emt 00:00:26]} 48. Qxg7# {[%clk 00:40:16]} {[%emt 00:00:12]} 1-0

[Event "DEM U10 2025"]
[Site "Willingen GER"]
[Date "2025.06.11"]
[Round "6"]
[White "Müller, Konstantin"]
[Black "Kutlar, Aras"]
[Result "1-0"]
[Termination "normal"]
[Board "1"]
[WhiteElo "1998"]
[BlackElo "1835"]
[WhiteClock "00:02:01"]
[BlackClock "00:13:52"]
[PlyCount "97"]
[WhiteFideId "34661778"]
[BlackFideId "51682117"]
[EventCountry "GER"]
[EventRounds "9"]
[EventType "swiss"]
[EventDate "2025.06.07"]

1. e4 {[%clk 01:30:58]} {[%emt 00:00:02]} c5 {[%clk 01:30:28]} {[%emt
00:00:33]} 2. Nf3 {[%clk 01:31:22]} {[%emt 00:00:05]} g6 {[%clk 01:30:29]}
{[%emt 00:00:29]} 3. c3 {[%emt 00:00:20]} d5 {[%clk 01:30:44]} 4. e5 {[%clk
01:32:11]} {[%emt 00:00:05]} Nc6 {[%clk 01:29:22]} {[%emt 00:01:51]} 5. d4
{[%clk 01:32:30]} {[%emt 00:00:12]} cxd4 {[%clk 01:29:21]} {[%emt 00:00:32]} 6.
cxd4 {[%clk 01:32:54]} {[%emt 00:00:05]} Bg7 {[%clk 01:29:10]} {[%emt
00:00:41]} 7. Be2 {[%clk 01:32:26]} {[%emt 00:00:58]} Nh6 {[%clk 01:28:56]}
{[%emt 00:00:45]} 8. O-O {[%clk 01:32:31]} {[%emt 00:00:24]} O-O {[%clk
01:29:19]} {[%emt 00:00:06]} 9. Nbd2 {[%clk 01:30:25]} {[%emt 00:02:37]} f6
{[%clk 01:25:59]} {[%emt 00:03:50]} 10. exf6 {[%clk 01:29:41]} {[%emt
00:01:15]} Bxf6 {[%clk 01:24:19]} {[%emt 00:02:10]} 11. Nb3 {[%clk 01:26:56]}
{[%emt 00:03:15]} Nf5 {[%clk 01:23:48]} {[%emt 00:01:01]} 12. Be3 {[%clk
01:19:27]} {[%emt 00:07:58]} Nxe3 {[%clk 01:22:07]} {[%emt 00:02:11]} 13. fxe3
{[%clk 01:19:50]} {[%emt 00:00:07]} Bf5 {[%clk 01:21:35]} {[%emt 00:01:02]} 14.
Qd2 {[%clk 01:16:39]} {[%emt 00:03:40]} Rc8 {[%clk 01:20:23]} {[%emt 00:01:43]}
15. Rac1 {[%clk 01:15:23]} {[%emt 00:01:46]} Qd6 {[%clk 01:16:55]} {[%emt
00:03:58]} 16. Nc5 {[%clk 00:58:02]} {[%emt 00:17:51]} b6 {[%clk 01:16:31]}
{[%emt 00:00:54]} 17. Nd3 {[%clk 00:58:22]} {[%emt 00:00:10]} Rc7 {[%clk
01:09:46]} {[%emt 00:07:15]} 18. Rc3 {[%clk 00:57:15]} {[%emt 00:01:36]} Rfc8
{[%clk 01:09:43]} {[%emt 00:00:34]} 19. Rfc1 {[%clk 00:56:32]} {[%emt
00:01:14]} Kg7 {[%clk 01:07:04]} {[%emt 00:03:09]} 20. Nf2 {[%clk 00:45:34]}
{[%emt 00:11:29]} h5 {[%clk 01:04:14]} {[%emt 00:03:18]} 21. Ba6 {[%clk
00:44:02]} {[%emt 00:02:03]} Rd8 {[%clk 01:03:25]} {[%emt 00:01:19]} 22. Bb5
{[%clk 00:40:18]} {[%emt 00:04:15]} Rdc8 {[%clk 01:02:42]} {[%emt 00:01:12]}
23. Ba6 {[%clk 00:31:24]} {[%emt 00:09:24]} Rd8 {[%clk 01:02:21]} {[%emt
00:00:51]} 24. Nd3 {[%clk 00:30:21]} {[%emt 00:01:34]} Rdd7 {[%clk 00:59:57]}
{[%emt 00:02:54]} 25. Bb5 {[%clk 00:29:35]} {[%emt 00:01:16]} Bxd3 {[%clk
01:00:13]} {[%emt 00:00:13]} 26. Rxc6 {[%clk 00:29:56]} {[%emt 00:00:10]} Bxb5
{[%clk 00:59:18]} {[%emt 00:01:25]} 27. Rxd6 {[%clk 00:30:19]} {[%emt
00:00:06]} Rxc1+ {[%clk 00:59:39]} {[%emt 00:00:10]} 28. Qxc1 {[%clk 00:30:44]}
{[%emt 00:00:05]} Rxd6 {[%clk 01:00:03]} {[%emt 00:00:05]} 29. h3 {[%clk
00:24:16]} {[%emt 00:06:58]} Rc6 {[%clk 00:59:41]} {[%emt 00:00:52]} 30. Qd2
{[%clk 00:24:18]} {[%emt 00:00:27]} a5 {[%clk 01:00:01]} {[%emt 00:00:11]} 31.
Kh2 {[%clk 00:22:46]} {[%emt 00:02:02]} Re6 {[%clk 00:58:32]} {[%emt 00:01:58]}
32. Ne5 {[%clk 00:21:04]} {[%emt 00:02:13]} Rd6 {[%clk 00:56:28]} {[%emt
00:02:34]} 33. Qc2 {[%clk 00:19:31]} {[%emt 00:02:04]} Bxe5+ {[%clk 00:54:04]}
{[%emt 00:02:52]} 34. dxe5 {[%clk 00:19:48]} {[%emt 00:00:14]} Re6 {[%clk
00:51:01]} {[%emt 00:03:33]} 35. Qd2 {[%clk 00:19:30]} {[%emt 00:00:48]} Bc6
{[%clk 00:50:51]} {[%emt 00:00:40]} 36. Qd4 {[%clk 00:18:58]} {[%emt 00:01:02]}
b5 {[%clk 00:50:27]} {[%emt 00:00:54]} 37. h4 {[%clk 00:17:49]} {[%emt
00:01:39]} a4 {[%clk 00:49:49]} {[%emt 00:01:07]} 38. Kg3 {[%clk 00:17:02]}
{[%emt 00:01:18]} Kh7 {[%clk 00:48:22]} {[%emt 00:01:57]} 39. Kf4 {[%clk
00:16:39]} {[%emt 00:00:52]} Kg7 {[%clk 00:44:43]} {[%emt 00:04:09]} 40. a3
{[%clk 00:16:06]} {[%emt 00:01:04]} Bb7 {[%clk 00:41:58]} {[%emt 00:03:16]} 41.
Qa7 {[%clk 00:16:02]} {[%emt 00:00:34]} Bc6 {[%clk 00:41:48]} {[%emt 00:00:40]}
42. Qc7 {[%clk 00:12:08]} {[%emt 00:04:23]} Kf7 {[%clk 00:31:22]} {[%emt
00:10:56]} 43. Qd8 {[%clk 00:11:39]} {[%emt 00:00:57]} Kg7 {[%clk 00:31:16]}
{[%emt 00:00:36]} 44. Qc8 {[%clk 00:11:52]} {[%emt 00:00:19]} Kf7 {[%clk
00:31:34]} {[%emt 00:00:12]} 45. Qh8 {[%clk 00:08:32]} {[%emt 00:03:50]} Bb7
{[%clk 00:30:41]} {[%emt 00:01:23]} 46. g4 {[%clk 00:01:31]} {[%emt 00:07:31]}
hxg4 {[%clk 00:30:28]} {[%emt 00:00:43]} 47. h5 {[%clk 00:01:48]} {[%emt
00:00:12]} gxh5 {[%clk 00:23:05]} {[%emt 00:07:52]} 48. Kf5 {[%clk 00:01:45]}
{[%emt 00:00:34]} Rg6 {[%clk 00:13:52]} {[%emt 00:09:44]} 49. e6+ {[%clk
00:02:01]} {[%emt 00:00:15]} 1-0

[Event "DEM U10 2025"]
[Site "Willingen GER"]
[Date "2025.06.11"]
[Round "6"]
[White "Lüttgen, Jona"]
[Black "Ranganathan, Aadith"]
[Result "1/2-1/2"]
[Termination "normal"]
[Board "2"]
[WhiteElo "1621"]
[BlackElo "1824"]
[WhiteClock "00:51:29"]
[BlackClock "01:14:37"]
[PlyCount "58"]
[WhiteFideId "533014124"]
[BlackFideId "34667121"]
[EventCountry "GER"]
[EventRounds "9"]
[EventType "swiss"]
[EventDate "2025.06.07"]

1. e4 {[%clk 01:30:59]} c6 {[%clk 01:30:55]} {[%emt 00:00:05]} 2. d4 {[%clk
01:31:25]} {[%emt 00:00:05]} d5 {[%clk 01:31:18]} {[%emt 00:00:07]} 3. exd5
{[%clk 01:31:37]} {[%emt 00:00:17]} cxd5 {[%clk 01:31:38]} {[%emt 00:00:10]} 4.
c4 {[%clk 01:32:02]} {[%emt 00:00:06]} Nf6 {[%clk 01:31:55]} {[%emt 00:00:13]}
5. Nc3 {[%clk 01:31:55]} {[%emt 00:00:36]} Nc6 {[%clk 01:32:18]} {[%emt
00:00:07]} 6. Nf3 {[%clk 01:32:17]} {[%emt 00:00:08]} Bg4 {[%clk 01:32:43]}
{[%emt 00:00:06]} 7. cxd5 {[%clk 01:31:51]} {[%emt 00:00:55]} Nxd5 {[%clk
01:33:06]} {[%emt 00:00:08]} 8. Qb3 {[%clk 01:31:48]} {[%emt 00:00:33]} Bxf3
{[%clk 01:33:05]} {[%emt 00:00:31]} 9. gxf3 {[%clk 01:32:09]} {[%emt 00:00:08]}
e6 {[%clk 01:25:49]} {[%emt 00:07:47]} 10. Qxb7 {[%clk 01:31:47]} {[%emt
00:00:52]} Nxd4 {[%clk 01:25:40]} {[%emt 00:00:38]} 11. Bb5+ {[%clk 01:31:48]}
{[%emt 00:00:28]} Nxb5 {[%clk 01:26:03]} {[%emt 00:00:08]} 12. Qc6+ {[%clk
01:31:39]} {[%emt 00:00:39]} Ke7 {[%clk 01:26:26]} {[%emt 00:00:08]} 13. Qxb5
{[%clk 01:30:46]} {[%emt 00:01:22]} Nxc3 {[%clk 01:25:29]} {[%emt 00:01:28]}
14. bxc3 {[%clk 01:30:17]} {[%emt 00:00:58]} f6 {[%clk 01:22:46]} {[%emt
00:03:13]} 15. Ba3+ {[%clk 01:25:06]} {[%emt 00:05:41]} Kf7 {[%clk 01:22:55]}
{[%emt 00:00:21]} 16. Rd1 {[%clk 01:23:07]} {[%emt 00:02:28]} Qc8 {[%clk
01:22:29]} {[%emt 00:00:57]} 17. Rd7+ {[%clk 01:19:25]} {[%emt 00:04:13]} Kg8
{[%clk 01:22:44]} {[%emt 00:00:14]} 18. Bb4 {[%clk 01:08:35]} {[%emt 00:11:18]}
Bxb4 {[%clk 01:22:08]} {[%emt 00:01:08]} 19. cxb4 {[%clk 01:06:18]} {[%emt
00:02:47]} Qc3+ {[%clk 01:20:00]} {[%emt 00:02:38]} 20. Ke2 {[%clk 01:03:05]}
{[%emt 00:03:42]} Qb2+ {[%clk 01:17:47]} {[%emt 00:02:43]} 21. Kf1 {[%clk
01:01:46]} {[%emt 00:01:49]} Qb1+ {[%clk 01:18:07]} {[%emt 00:00:12]} 22. Kg2
{[%clk 01:00:38]} {[%emt 00:01:37]} Qg6+ {[%clk 01:18:21]} {[%emt 00:00:16]}
23. Kf1 {[%clk 01:00:25]} {[%emt 00:00:42]} Rc8 {[%clk 01:16:35]} {[%emt
00:02:18]} 24. Rc7 {[%clk 00:57:41]} {[%emt 00:03:14]} Qb1+ {[%clk 01:14:36]}
{[%emt 00:02:29]} 25. Kg2 {[%clk 00:57:49]} {[%emt 00:00:16]} Qg6+ {[%clk
01:14:55]} {[%emt 00:00:17]} 26. Kf1 {[%clk 00:57:50]} {[%emt 00:00:26]} Rxc7
{[%clk 01:13:53]} {[%emt 00:01:34]} 27. Qb8+ {[%clk 00:57:49]} {[%emt
00:00:31]} Kf7 {[%clk 01:14:17]} {[%emt 00:00:06]} 28. Qxc7+ {[%clk 00:57:44]}
{[%emt 00:00:35]} Kf8 {[%clk 01:14:41]} {[%emt 00:00:06]} 29. Rg1 {[%clk
00:51:29]} {[%emt 00:06:45]} Qd3+ {[%clk 01:14:37]} {[%emt 00:00:35]} 1/2-1/2

[Event "DEM U10 2025"]
[Site "Willingen GER"]
[Date "2025.06.11"]
[Round "6"]
[White "Schmidt, Jan"]
[Black "Ni, Wilhelm Zeyin"]
[Result "1-0"]
[Termination "normal"]
[Board "3"]
[WhiteElo "1732"]
[BlackElo "1654"]
[WhiteClock "00:42:06"]
[BlackClock "00:38:20"]
[PlyCount "41"]
[WhiteFideId "34625682"]
[BlackFideId "34675337"]
[EventCountry "GER"]
[EventRounds "9"]
[EventType "swiss"]
[EventDate "2025.06.07"]

1. d4 {[%clk 01:30:57]} {[%emt 00:00:02]} d5 {[%clk 01:30:53]} {[%emt
00:00:07]} 2. Nf3 {[%clk 01:31:14]} {[%emt 00:00:13]} Nf6 {[%clk 01:31:18]}
{[%emt 00:00:05]} 3. c4 {[%clk 01:31:24]} {[%emt 00:00:20]} e6 {[%clk
01:31:43]} {[%emt 00:00:06]} 4. g3 {[%clk 01:31:33]} {[%emt 00:00:19]} dxc4
{[%clk 01:31:41]} {[%emt 00:00:33]} 5. Qa4+ {[%clk 01:31:21]} {[%emt 00:00:42]}
Bd7 {[%clk 01:29:17]} {[%emt 00:02:54]} 6. Qxc4 {[%clk 01:31:12]} {[%emt
00:00:38]} Nc6 {[%clk 01:21:37]} {[%emt 00:08:11]} 7. Bg2 {[%clk 01:30:14]}
{[%emt 00:01:28]} Be7 {[%clk 01:19:53]} {[%emt 00:02:14]} 8. O-O {[%clk
01:30:09]} {[%emt 00:00:36]} O-O {[%clk 01:20:09]} {[%emt 00:00:12]} 9. Nc3
{[%clk 01:30:00]} {[%emt 00:00:38]} Re8 {[%clk 01:15:41]} {[%emt 00:05:00]} 10.
Bf4 {[%clk 01:22:41]} {[%emt 00:07:50]} Bd6 {[%clk 01:13:29]} {[%emt 00:02:42]}
11. Ne5 {[%clk 01:19:59]} {[%emt 00:03:11]} Nh5 {[%clk 01:11:38]} {[%emt
00:02:21]} 12. Rfd1 {[%clk 01:00:30]} {[%emt 00:19:59]} Qe7 {[%clk 01:08:00]}
{[%emt 00:04:08]} 13. Ne4 {[%clk 00:56:54]} {[%emt 00:04:06]} Nxf4 {[%clk
01:00:09]} {[%emt 00:08:21]} 14. gxf4 {[%clk 00:56:27]} {[%emt 00:00:56]} b5
{[%clk 00:58:07]} {[%emt 00:02:33]} 15. Qc3 {[%clk 00:52:25]} {[%emt 00:04:32]}
Bxe5 {[%clk 00:52:46]} {[%emt 00:05:51]} 16. fxe5 {[%clk 00:52:09]} {[%emt
00:00:45]} Qb4 {[%clk 00:50:59]} {[%emt 00:02:17]} 17. Qg3 {[%clk 00:50:59]}
{[%emt 00:01:40]} Nxd4 {[%clk 00:47:35]} {[%emt 00:03:55]} 18. Qg4 {[%clk
00:42:52]} {[%emt 00:08:37]} Kh8 {[%clk 00:42:50]} {[%emt 00:05:15]} 19. Ng3
{[%clk 00:42:28]} {[%emt 00:00:54]} Qxb2 {[%clk 00:40:35]} {[%emt 00:02:45]}
20. Bxa8 {[%clk 00:42:15]} {[%emt 00:00:42]} Rxa8 {[%clk 00:38:20]} {[%emt
00:02:45]} 21. Qxd4 {[%clk 00:42:06]} {[%emt 00:00:39]} 1-0